[Event "Oberliga Nord N9495"]
[Site "Germany"]
[Date "1995.??.??"]
[Round "?"]
[White "Engelbert, Christoph"]
[Black "Neukirch, Detlef"]
[Result "1/2-1/2"]
[WhiteElo "2240"]
[BlackElo "2310"]

1.e4 c5 2.c3 Nf6 3.e5 Nd5 4.d4 cxd4 5.cxd4 d6 6.Nf3 Nc6 7.Bc4 Nb6 8.Bb5 dxe5
9.Nxe5 Bd7 10.Nxd7 Qxd7 11.Nc3 e6 12.O-O Be7 13.Qg4 Kf8 14.Rd1 a6 15.Bxc6 Qxc6
16.Be3 h5 17.Qe2 h4 18.h3 Nd5 19.Rac1 g6 20.Qf3 Rh5 21.Nxd5 Qxd5 22.Qxd5 Rxd5
23.Rc7 Rb5 24.b3 Rd8 25.Rdc1 Bf6 26.Rc8 Rd5 27.Rxd8+ Rxd8 28.Rd1 Rd5 29.Rd2 Ke7
30.g4 Kd7 31.Kg2 Bd8 32.f4 Ba5 33.Rd1 f6 34.Kf3 Bb6 35.Rd2 Ba5 36.Rd1 b5
37.Bf2 Bc3 38.Ke4 g5 39.fxg5 fxg5 40.Be3 Ke7 41.Rc1 b4 42.Rc2 a5 43.Rf2  1/2-1/2

[Event "BL2-W9495"]
[Site "Germany"]
[Date "1995.??.??"]
[Round "?"]
[White "Mukhametov, Eldar"]
[Black "Schebler, Gerhard"]
[Result "1/2-1/2"]
[WhiteElo "2430"]
[BlackElo "2350"]

1.e4 c5 2.c3 Nf6 3.e5 Nd5 4.Nf3 e6 5.d4 cxd4 6.cxd4 Qc7 7.Bd2 b6 8.Nc3 Nxc3
9.bxc3 d5 10.Bd3 Nc6 11.Ng5 h6 12.Qh5 g6 13.Qh4 Nxe5 14.dxe5 Qxe5+ 15.Ne4 dxe4
16.Qxe4 Bd6 17.O-O-O Qxe4 18.Bxe4 Rb8 19.Be3 Ba3+ 20.Kc2 Bb7 21.f3 Bxe4+
22.fxe4 Ke7 23.e5 Bc5 24.Bxc5+ bxc5 25.Rd6 Rhd8 26.Rc6 Rbc8 27.Rxc8 Rxc8
28.Rb1 Kd7 29.c4 Kc6 30.Rd1 Rb8 31.a3 Kc7 32.Rf1 Rf8 33.Kc3 Kd7 34.Rd1+ Kc7
35.Rf1 a6 36.a4 Kb6 37.g4 Ka5 38.h4 Rd8 39.g5 Rd4 40.gxh6 Rxh4 41.Rxf7 Rh3+
42.Kc2 Rxh6 43.Rf6 Kb4 44.Rxe6 a5 45.Kd3 Rh3+ 46.Ke4 Kxc4 47.Rxg6 Rh1 48.Rg8 Re1+
49.Kf5 Kb3 50.e6 c4 51.Rc8 c3 52.Kf6 c2 53.e7 Re3 54.Kf7 Rf3+  1/2-1/2

[Event "BL2-S9495"]
[Site "Germany"]
[Date "1995.??.??"]
[Round "?"]
[White "Rausis, Igors"]
[Black "Mueller, Olaf"]
[Result "1/2-1/2"]
[WhiteElo "2485"]
[BlackElo "2345"]

1.e4 c5 2.c3 Nf6 3.e5 Nd5 4.Nf3 Nc6 5.d4 cxd4 6.cxd4 d6 7.Bc4 Nb6 8.Bb3 dxe5
9.d5 Na5 10.Nc3 f6 11.Be3 g6 12.O-O Bg7 13.Bc5 Kf7 14.Re1 Nbc4 15.Ne4 Bf5
16.d6 e6 17.Ng3 Nxb2 18.Qe2 Nxb3 19.axb3 Nd3 20.Nxf5 Nxc5 21.Nxg7 Kxg7 22.Red1 Qb6
23.Nxe5 Rhd8 24.Nc4 Qb4 25.h4 a5 26.h5 Ra6 27.Rd5 b5 28.Rxa5 Rxa5 29.Nxa5 Qxa5
30.Rxc5 Rxd6 31.Rxb5 Qd2 32.Rb7+ Kh6 33.Qxd2+ Rxd2 34.hxg6 hxg6 35.b4 Rb2
36.b5 e5 37.b6 Kg5 38.g3 e4 39.Kf1 f5 40.Rb8 Kg4 41.b7 g5 42.Kg1 Kf3 43.Rf8 Rxb7
44.Rxf5+  1/2-1/2

[Event "Oberliga Nord N9495"]
[Site "Germany"]
[Date "1995.??.??"]
[Round "?"]
[White "Meyer, Falko"]
[Black "Kurth, Justus"]
[Result "1/2-1/2"]
[WhiteElo "2260"]
[BlackElo "2280"]

1.e4 c5 2.c3 Nf6 3.e5 Nd5 4.d4 cxd4 5.Nf3 Nc6 6.Bc4 Nb6 7.Bb3 d5 8.exd6 Qxd6
9.Na3 dxc3 10.Nb5 Qxd1+ 11.Kxd1 cxb2 12.Bxb2 Rb8 13.Ne5 e6 14.Ke2 Bb4 15.Nc7+ Ke7
16.Na6 Bd6 17.Nxc6+ bxc6 18.Nxb8 Bxb8 19.Bxg7 Rg8 20.Bd4 Rxg2 21.Rhg1 Rxg1
22.Rxg1 Bxh2 23.Rh1 Bd6 24.Rxh7 c5 25.Be3 Ba6+ 26.Kd2 Kf6 27.Rh6+ Kg7 28.Rh3 Nc4+
29.Bxc4 Bxc4 30.Rh4 Bxa2  1/2-1/2

[Event "Oberliga Ost qual"]
[Site "Germany"]
[Date "1995.??.??"]
[Round "?"]
[White "Dutschak, Hauke"]
[Black "Panzalovic, Srdjan"]
[Result "0-1"]
[WhiteElo "2240"]
[BlackElo "2405"]

1.e4 c5 2.c3 Nf6 3.e5 Nd5 4.d4 cxd4 5.Qxd4 e6 6.Bc4 Nc6 7.Qe4 d6 8.exd6 Nf6
9.Qe2 Bxd6 10.Nf3 O-O 11.Bg5 Qc7 12.Bxf6 gxf6 13.Nbd2 b6 14.Ne4 Be7 15.O-O a6
16.Rad1 Bb7 17.Qe3 Rfd8 18.Bb3 Ne5 19.Nxe5 Qxe5 20.Qg3+ Qxg3 21.Nxg3 Kf8
22.Rxd8+ Bxd8 23.Rd1 Ke7 24.Rd3 Bc7 25.Bd1 Rg8 26.Kf1 Bc6 27.Be2 f5 28.Rd4 f4
29.Nh5 Bxg2+ 30.Ke1 e5 31.Rc4 Bd6 32.f3 Rg5  0-1

[Event "BL9495 (Women)"]
[Site "Germany"]
[Date "1995.??.??"]
[Round "202"]
[White "Bandziene, Rasa"]
[Black "Schaefer, Anke"]
[Result "1-0"]
[WhiteElo "2125"]
[BlackElo "2135"]

1.e4 c5 2.c3 Nf6 3.e5 Nd5 4.g3 e6 5.Bg2 d6 6.exd6 Bxd6 7.Nf3 O-O 8.O-O Nc6
9.d4 cxd4 10.Nxd4 Ne5 11.Qe2 Qb6 12.Nd2 Bd7 13.Ne4 Rac8 14.Nxd6 Qxd6 15.Rd1 Ba4
16.Re1 Nc4 17.Bxd5 Qxd5 18.b3 Nb6 19.bxa4 Rxc3 20.Be3 Nc4 21.Rac1 Nxe3 22.fxe3 Ra3
23.Qc4 Qxc4 24.Rxc4 Rxa2 25.Rb1 e5 26.Nf5 g6 27.Ne7+ Kg7 28.e4 Rd8 29.Nd5 b6
30.Rf1 f5 31.Rc7+ Kh6 32.h4 Rxa4 33.Nf6 Rh8 34.Rd1 Rd4 35.Rxd4 exd4 36.e5 a5
37.e6 a4 38.e7  1-0

[Event "BL2-S9495"]
[Site "Germany"]
[Date "1995.??.??"]
[Round "?"]
[White "Vorotnikov, Vladislav V"]
[Black "Arnold, Lothar"]
[Result "1-0"]
[WhiteElo "2465"]
[BlackElo "2350"]

1.e4 c5 2.c3 Nf6 3.e5 Nd5 4.Nf3 Nc6 5.g3 d6 6.exd6 Qxd6 7.Bg2 Bg4 8.O-O e6
9.Qa4 Bxf3 10.Bxf3 Be7 11.d3 O-O 12.Na3 Rad8 13.Rd1 a6 14.Nc4 Qd7 15.Qc2 b5
16.Ne3 Rfe8 17.a4 b4 18.Nxd5 exd5 19.d4 c4 20.Bf4 Bd6 21.Bxd6 Qxd6 22.Re1 g6
23.Qd2 Re6 24.Rxe6 fxe6 25.Bg2 Kg7 26.Re1 Rf8 27.h4 h6 28.Bh3 Rf6 29.Re3 e5
30.dxe5 Nxe5 31.Qd4 Nc6 32.Qg4 d4 33.cxd4 Qxd4 34.Qe2 Qc5 35.Bf1 c3 36.bxc3 bxc3
37.Qc2 Qd4 38.Qxc3 Qxa4 39.Re6 Nd4 40.Re7+ Rf7 41.Re4 Rd7 42.Bh3 Qd1+ 43.Kg2  1-0

[Event "BL2-W9495"]
[Site "Germany"]
[Date "1995.??.??"]
[Round "?"]
[White "Seger, Ruediger"]
[Black "Martinovic, Slobodan"]
[Result "1/2-1/2"]
[WhiteElo "2345"]
[BlackElo "2455"]

1.e4 c5 2.c3 Nf6 3.e5 Nd5 4.d4 cxd4 5.Nf3 e6 6.cxd4 d6 7.Nc3 Nxc3 8.bxc3 Qc7
9.Bd2 Nd7 10.Bd3 dxe5 11.O-O g6 12.Re1 Bg7 13.Rc1 O-O 14.Nxe5 Nxe5 15.Bf4 Qa5
16.Bxe5 Qxa2 17.Bxg7 Kxg7 18.Re5 Bd7 19.Ra1 Qb2 20.Rc5 Rfc8 21.Rb1 Qa3 22.Ra1 Qb2
23.Rb1  1/2-1/2

[Event "Oberliga Ost C9495"]
[Site "Germany"]
[Date "1995.??.??"]
[Round "?"]
[White "Kopp, Peter"]
[Black "Chandler, Patrick"]
[Result "1-0"]
[WhiteElo "2135"]
[BlackElo "2145"]

1.e4 c5 2.c3 Nf6 3.e5 Nd5 4.d4 e6 5.Nf3 b6 6.c4 Ne7 7.dxc5 bxc5 8.Ng5 Bb7
9.Nc3 Nf5 10.Nge4 Nc6 11.Bf4 Be7 12.Be2 g5 13.Bg3 Ncd4 14.O-O Rg8 15.Bf3 Kf8
16.Bg4 Rg7 17.Qd2 Bc6 18.Rae1 Nh6 19.Bh5 Nhf5 20.f4 g4 21.Qd1 Bh4 22.Bxg4 Bxg3
23.hxg3 h5 24.Bxf5 exf5 25.Nf6 Rxg3 26.Ncd5 Rg4 27.Re3 Bxd5 28.cxd5 Rg6 29.Qxh5 Ke7
30.Qh4 Qb6 31.Nh7+ f6 32.Nxf6 Rxf6 33.d6+ Ke6 34.exf6+ Kxd6 35.f7 c4 36.Qe7+ Kc7
37.Rd1 Kc6 38.f8=Q Ne2+ 39.Kf2  1-0

[Event "BL2-W9495"]
[Site "Germany"]
[Date "1995.??.??"]
[Round "?"]
[White "Haba, Petr"]
[Black "Martinovic, Slobodan"]
[Result "1/2-1/2"]
[WhiteElo "2505"]
[BlackElo "2455"]

1.e4 c5 2.c3 Nf6 3.e5 Nd5 4.d4 cxd4 5.Nf3 e6 6.cxd4 d6 7.a3 Bd7 8.Bd3 Bc6
9.O-O Nd7 10.Re1 Be7 11.Qc2 dxe5 12.Nxe5 Nxe5 13.dxe5 Rc8 14.Bd2 Bg5 15.Be4 h6
16.Bxg5 hxg5 17.Nd2 g4 18.Rac1 Qh4 19.Nf1 Rd8 20.Qb3 Rh5 21.g3 Qg5 22.Bg2 Kf8
23.Ne3 Nxe3 24.Qxe3 Qxe3 25.Rxe3 Rd2 26.Bxc6 bxc6 27.Rxc6 g6 28.Re4 Rxb2
29.Rc7 Rf5 30.Rf4 a5 31.Rxf5 gxf5 32.Rc5 a4 33.Rc4 Re2 34.Rxa4 Rxe5 35.Kg2 Re2
36.Rf4 Kg7 37.h3 gxh3+ 38.Kxh3 Kg6 39.Kg2 Ra2 40.Rf3 e5  1/2-1/2

[Event "Wuerttemberg-ch"]
[Site "Germany"]
[Date "1995.??.??"]
[Round "2"]
[White "Dittmar, Peter"]
[Black "Haist, Wolfgang"]
[Result "1/2-1/2"]
[WhiteElo "2355"]
[BlackElo "2275"]

1.e4 c5 2.c3 Nf6 3.e5 Nd5 4.d4 cxd4 5.Qxd4 e6 6.Nf3 Qc7 7.Nbd2 Nc6 8.Qe4 b6
9.Bd3 Bb7 10.O-O f5 11.exf6 gxf6 12.Nc4 O-O-O 13.a4 f5 14.Qe2 Rg8 15.Rd1 Bc5
16.Na3 Nf4 17.Bxf4 Qxf4 18.Ba6 Qg4 19.Bxb7+ Kxb7 20.g3 f4 21.Kg2 fxg3 22.fxg3 d5
23.Nb5 e5 24.b4 Be7 25.a5 a6 26.axb6 axb5 27.Qxb5 Qc4 28.Rxd5  1/2-1/2

[Event "Landesliga S9495 Bayern"]
[Site "Germany"]
[Date "1995.??.??"]
[Round "2"]
[White "Kuenzner, Franz"]
[Black "Schmidt, Wolfgang"]
[Result "1/2-1/2"]
[WhiteElo "2295"]
[BlackElo "2335"]

1.e4 c5 2.c3 Nf6 3.e5 Nd5 4.d4 cxd4 5.cxd4 d6 6.Nf3 Nc6 7.Nc3 dxe5 8.dxe5 Ndb4
9.a3 Qxd1+ 10.Kxd1 Na6 11.b4 Nc7 12.Nb5 Nxb5 13.Bxb5 Bd7 14.Bd3 Bg4 15.Bb2 e6
16.Rc1 O-O-O 17.Ke2 Bxf3+ 18.gxf3 Kb8 19.Be4 Nd4+ 20.Ke3 Nf5+ 21.Ke2 g6 22.Rc4 Bh6
23.Bc3 Rc8 24.Rxc8+ Rxc8 25.Bb2 Rd8 26.Rb1 Bf4 27.h3 Nd4+ 28.Bxd4 Rxd4 29.Rd1 Rxd1
30.Kxd1 Bxe5 31.a4 Kc7 32.Ke2 a6 33.Bd3 Bd4 34.b5 Kb6 35.bxa6 bxa6 36.Bc4 Bc5
37.Bd3 Ka5 38.Bc4 f6 39.Bd3 e5 40.Bc4 Bd4 41.Bd3 Kxa4 42.Bxa6 Kb4 43.Bc8 Kc5
44.Be6 Kd6 45.Bg8 Ke7 46.Kf1 f5 47.Ke2 Kf6 48.Kf1 h6 49.Kg2 e4 50.Bd5 Ke5
51.Bf7 g5 52.Be8 Kf4 53.fxe4 fxe4 54.Bh5 e3  1/2-1/2

[Event "Landesliga S9495 Bayern"]
[Site "Germany"]
[Date "1995.??.??"]
[Round "5"]
[White "Tobor, Detlef"]
[Black "Wehr, Stephan"]
[Result "1/2-1/2"]
[WhiteElo "2010"]
[BlackElo "2160"]

1.e4 c5 2.c3 Nf6 3.e5 Nd5 4.d4 cxd4 5.Nf3 Nc6 6.Bc4 Nb6 7.Bb3 d5 8.exd6 Qxd6
9.O-O Be6 10.Bxe6 Qxe6 11.Nxd4 Nxd4 12.Qxd4 Rd8 13.Qh4 Qe2 14.Be3 Nc4 15.Na3 Nxa3
16.bxa3 Qa6 17.Bc5 Rd5 18.Bb4 e6 19.c4 Rd7 20.Rad1 Qc6 21.Rxd7 Qxd7 22.Qg3 f6
23.Qb8+ Kf7 24.Qxa7 Be7 25.Bxe7 Qxe7 26.Rd1 Rc8 27.Qd4 Rc7 28.Qd3 g6 29.h3 Ke8
30.Qb3 Kf7 31.Qa4 e5 32.Qa8 Kg7 33.Qd8 Qxd8 34.Rxd8 Rxc4 35.Rd7+ Kh6 36.Rxb7 Ra4
37.Rb3 Kg5 38.Kf1 h5 39.Ke2 f5 40.Rc3 Ra6 41.Ke3 Kf6 42.h4 f4+ 43.Kd3 Rd6+
44.Kc2 e4 45.a4 Ke5 46.a5 Kd4 47.Kd2 Re6 48.Ra3 Ra6 49.Ra4+ Kd5 50.g3 Ke5
51.Ke2 Kf5 52.gxf4 Kg4 53.Rxe4 Rxa5 54.a4 Rc5 55.f5+ Kxf5 56.Rb4 Rc2+ 57.Kf3 Rc3+
58.Kg2  1/2-1/2

[Event "Graz op"]
[Site "Graz"]
[Date "1995.??.??"]
[Round "7"]
[White "Pilaj, Herwig"]
[Black "Sepetavc, Walter"]
[Result "1-0"]
[WhiteElo "2125"]
[BlackElo "2060"]

1.e4 c5 2.c3 Nf6 3.e5 Nd5 4.d4 cxd4 5.cxd4 g6 6.Nc3 Nxc3 7.bxc3 Bg7 8.Nf3 O-O
9.Bf4 d6 10.Bd3 Bg4 11.exd6 exd6 12.O-O Nc6 13.Rb1 b6 14.h3 Bxf3 15.Qxf3 Na5
16.Qd5 Rc8 17.Rfc1 Qh4 18.Bg3 Qh6 19.Rc2 Rfd8 20.Re1 Bf8 21.Bb5 g5 22.Re3 Qg6
23.Bd3 Qg7 24.h4 h6 25.hxg5 Qxg5 26.Qe4 Bg7 27.Bh4 Qh5 28.Qh7+ Kf8 29.Be7+ Ke8
30.Bxd8+ Kxd8 31.Qxg7  1-0

[Event "Groningen op"]
[Site "Groningen"]
[Date "1995.??.??"]
[Round "?"]
[White "Golod, Vitali"]
[Black "Degraeve, Jean Marc"]
[Result "1/2-1/2"]
[WhiteElo "2540"]
[BlackElo "2410"]

1.e4 c5 2.c3 Nf6 3.e5 Nd5 4.d4 cxd4 5.Nf3 e6 6.Qxd4 Nc6 7.Qe4 d6 8.Bd3 dxe5
9.Nxe5 Nxe5 10.Qxe5 Nf6 11.Bb5+ Bd7 12.O-O Bxb5 13.Qxb5+ Qd7 14.Qxd7+ Kxd7
15.Rd1+ Kc6 16.Bg5 Ne4 17.Be3 Bc5 18.Bxc5 Nxc5 19.Nd2 Rad8 20.Nf3 Kc7 21.Kf1 Rxd1+
22.Rxd1 Rd8 23.Rxd8 Kxd8 24.Ne1 e5 25.f3 Ke7 26.Ke2 Ke6 27.Nd3 Nxd3 28.Kxd3 Kd5
29.c4+ Kc5 30.a3 a5 31.b3 f5 32.Kc3 h5 33.b4+ axb4+ 34.axb4+ Kd6 35.Kd3 h4
36.Ke3 Ke6 37.g3 hxg3 38.hxg3 g6 39.Kd3 Kd6  1/2-1/2

[Event "Groningen op"]
[Site "Groningen"]
[Date "1995.??.??"]
[Round "?"]
[White "Jonkman, Harmen"]
[Black "Volke, Karsten"]
[Result "0-1"]
[WhiteElo "2345"]
[BlackElo "2450"]

1.e4 c5 2.c3 Nf6 3.e5 Nd5 4.d4 cxd4 5.Nf3 Nc6 6.Bc4 Nb6 7.Bb3 g6 8.Ng5 d5
9.exd6 e6 10.cxd4 Qxd6 11.Be3 Bg7 12.Nf3 Na5 13.O-O Nxb3 14.Qxb3 Bd7 15.Nc3 O-O
16.Rfe1 Rfc8 17.Ne5 Bc6 18.Nxc6 Qxc6 19.Rac1 Qc4 20.Qa3 Bf8 21.Qa5 Qb4 22.Qxb4 Bxb4
23.Rc2 Rc6 24.Rec1 Rac8 25.Kf1 Nc4 26.Ke2 Bxc3 27.Rxc3 Nxb2 28.Rxc6 Rxc6
29.Rxc6 bxc6 30.Kd2 Nc4+ 31.Kc3 Nd6 32.d5 exd5 33.Kb4 Nc8 34.Kc5 Kf8 35.a4 Ke8
36.Kxc6 Nb6 37.Bxb6 axb6 38.Kxb6 Kd7 39.Kb7 d4 40.a5 d3  0-1

[Event "Groningen op"]
[Site "Groningen"]
[Date "1995.??.??"]
[Round "?"]
[White "Peptan, Corina"]
[Black "Kuijf, Marinus"]
[Result "1/2-1/2"]
[WhiteElo "2340"]
[BlackElo "2495"]

1.e4 c5 2.c3 Nf6 3.e5 Nd5 4.d4 cxd4 5.Nf3 e6 6.cxd4 b6 7.Nc3 Nxc3 8.bxc3 Qc7
9.Bb2 d6 10.Bd3 Nd7 11.exd6 Bxd6 12.O-O Bb7 13.c4 O-O 14.h3 e5 15.dxe5 Nxe5
16.Nxe5 Bxe5 17.Bxh7+ Kxh7 18.Qh5+ Kg8 19.Qxe5 Qxe5 20.Bxe5 Rfc8 21.Rfd1 Rxc4
22.Rac1 Bd5 23.Rxc4 Bxc4 24.a3 b5 25.Rd7 a6  1/2-1/2

[Event "Wch U16"]
[Site "Guarapuava"]
[Date "1995.??.??"]
[Round "2"]
[White "Moreda, Lucas"]
[Black "Mah, Karl"]
[Result "1/2-1/2"]
[WhiteElo "2295"]
[BlackElo "2200"]

1.e4 c5 2.c3 Nf6 3.e5 Nd5 4.Nf3 Nc6 5.Bc4 Nb6 6.Bb3 g6 7.O-O Bg7 8.Re1 O-O
9.d4 cxd4 10.cxd4 d6 11.exd6 Qxd6 12.Nc3 Bg4 13.Be3 Rad8 14.h3 Bxf3 15.Qxf3 Qb4
16.Ne2 e6 17.Red1 Nd5 18.Rac1 Nce7 19.Rc5 Rc8 20.Rdc1 Rxc5 21.Rxc5 b6 22.Rc4 Qd6
23.Nc3 a6 24.Nxd5 Nxd5 25.Rc1 Ne7 26.Qe4 Qd7 27.g4 Rc8 28.Rc3 b5 29.Qc2 Rxc3
30.bxc3 Nd5 31.Bd2 Nb6 32.Qe4 Kf8 33.Qf4 Qc6 34.Qb8+ Nc8 35.f3 Ke7 36.Kg2 Kd7
37.Qf4 Nd6 38.Be1 a5 39.a4 bxa4 40.d5 Qc5 41.Qxa4+ Ke7 42.dxe6 fxe6 43.c4 Nb7
44.Bc2 Bd4 45.Be4 Nd6 46.Bd3 Nb7 47.Qb3 Qb6 48.Qa3+ Kf7 49.Be4 Nd6 50.Bxa5 Qa6
51.Qa4 Qxc4 52.Qxc4 Nxc4 53.Bb4 Ne3+ 54.Kg3 Nf1+ 55.Kg2 Ne3+ 56.Kh1 Kf6 57.h4 Nd5
58.Bxd5 exd5 59.Kg2 h5  1/2-1/2

[Event "Wch U16"]
[Site "Guarapuava"]
[Date "1995.??.??"]
[Round "3"]
[White "Pinski, Jan"]
[Black "Leitao, Rafael"]
[Result "0-1"]
[WhiteElo "2270"]
[BlackElo "2360"]

1.e4 c5 2.c3 Nf6 3.e5 Nd5 4.d4 cxd4 5.cxd4 e6 6.Nf3 d6 7.a3 Bd7 8.Bd3 Bc6
9.O-O Nd7 10.Qe2 Be7 11.Nc3 Nxc3 12.bxc3 dxe5 13.dxe5 Qc7 14.Bf4 O-O 15.Nd4 Nc5
16.Bc2 Ba4 17.Bb1 Rac8 18.Ra2 Rfd8 19.Re1 g6 20.Nf3 Bb3 21.Rb2 Bd5 22.Ng5 Na4
23.Rc2 h6 24.Ne4 Qc4 25.Qf3 Bxe4 26.Rxe4 Qxe4  0-1

[Event "Wch U16"]
[Site "Guarapuava"]
[Date "1995.??.??"]
[Round "7"]
[White "Stevic, Hrvoje"]
[Black "Mastrovasilis, Athanasios"]
[Result "1-0"]
[WhiteElo "2340"]
[BlackElo "2210"]

1.e4 c5 2.c3 Nf6 3.e5 Nd5 4.d4 cxd4 5.Nf3 e6 6.cxd4 d6 7.Bc4 Nc6 8.O-O Be7
9.Qe2 O-O 10.Qe4 Bd7 11.Bd3 f5 12.exf6 Nxf6 13.Qe2 Qb6 14.Be3 Nd5 15.Nc3 Bf6
16.Rad1 Ncb4 17.Bb1 Rac8 18.Ng5 Nxe3 19.Qxe3 Bxg5 20.Qxg5 Rf6 21.Ne4 Rf7
22.Qg3 Bb5 23.Rfe1 Nc2 24.Nxd6 Nxe1 25.Nxc8 Qa5 26.Qc3 Nf3+ 27.gxf3 Qd8 28.Be4 Rc7
29.Qb4 Qg5+ 30.Kh1 Rxc8 31.Qd6 Rc1 32.Qxe6+ Kh8 33.Rxc1 Qxc1+ 34.Kg2 Qf1+
35.Kg3 Qg1+ 36.Kf4 Qxh2+ 37.Ke3 Qc7 38.Kd2 Qa5+ 39.Kc2 Qa4+ 40.Kc1 g6  1-0

[Event "Wch U16 Girls"]
[Site "Guarapuava"]
[Date "1995.??.??"]
[Round "7"]
[White "Vajda, Szidonia"]
[Black "Goletiani, Rusudan"]
[Result "1/2-1/2"]
[WhiteElo "2265"]
[BlackElo "2165"]

1.e4 c5 2.c3 Nf6 3.e5 Nd5 4.d4 cxd4 5.Nf3 e6 6.cxd4 Qc7 7.a3 Nc6 8.Bd3 d6
9.O-O dxe5 10.dxe5 Nxe5 11.Nxe5 Qxe5 12.Bb5+ Bd7 13.Bxd7+ Kxd7 14.Re1 Qd6
15.Qf3 Rd8 16.Nc3 Nxc3 17.bxc3 Kc8 18.Qxf7 Qd7 19.Qf3 Qd5 20.Qe2 Bc5 21.Be3 Kb8
22.a4 Rhf8 23.Rab1 Bxe3 24.Qxe3 Qd2 25.Qe5+ Ka8 26.f3 Qd5 27.Qe3 Rc8 28.Rb5 Qc4
29.Reb1 Rf7 30.a5 Qxc3 31.Qe4 Qc4 32.Qe3 Qc3 33.Qe4 Qc4 34.Qe3  1/2-1/2

[Event "Wch U16"]
[Site "Guarapuava"]
[Date "1995.??.??"]
[Round "9"]
[White "Svicevic, Rastko"]
[Black "Cvek, Robert"]
[Result "1/2-1/2"]
[WhiteElo "2265"]
[BlackElo "2285"]

1.e4 c5 2.c3 Nf6 3.e5 Nd5 4.Nf3 Nc6 5.d4 cxd4 6.Bc4 Nb6 7.Bb3 d6 8.exd6 Qxd6
9.O-O Be6 10.Na3 Bxb3 11.Qxb3 e6 12.Nb5 Qd7 13.Nbxd4 Nxd4 14.Nxd4 Be7 15.Rd1 O-O
16.Bf4 Qa4 17.Bc7 Qxb3 18.axb3 Nd5 19.Bg3 Rfd8 20.Nb5 a6 21.Nc7 Rac8 22.Nxd5 Rxd5
23.Rxd5 exd5 24.Rd1 Rd8 25.Bc7 Rd7 26.Bb6 Bf6 27.f4 Kf8 28.Kf2 Ke7 29.g4 h6
30.Bc5+ Kd8 31.Bb6+ Ke7 32.Bc5+ Kd8 33.Be3 Kc7 34.g5 hxg5 35.fxg5 Be5 36.h4 g6
37.Bd4 Re7 38.Bc5 Re6 39.Kf3 f6 40.Kg4 fxg5 41.hxg5 Kc6 42.Ba3 Bg7 43.Rf1 d4
44.Rf4 Be5 45.Rf8 b5 46.Bb4 Bd6 47.Bxd6 Rxd6 48.cxd4 Rxd4+ 49.Kf3 Kc5 50.Rf6 a5
51.Rxg6 Rd3+ 52.Ke4 Rxb3 53.Rf6 Rxb2 54.g6 Rg2 55.Kf3 Rg1 56.Rf5+ Kc6 57.Rf6+ Kd7  1/2-1/2

[Event "Wch U16"]
[Site "Guarapuava"]
[Date "1995.??.??"]
[Round "11"]
[White "Stevic, Hrvoje"]
[Black "Berescu, Alin"]
[Result "1-0"]
[WhiteElo "2340"]
[BlackElo "2260"]

1.e4 c5 2.c3 Nf6 3.e5 Nd5 4.d4 cxd4 5.Nf3 Nc6 6.Bc4 Nb6 7.Bb3 d5 8.exd6 Qxd6
9.O-O Be6 10.Na3 Bxb3 11.Qxb3 Qd5 12.Nb5 Rc8 13.Nfxd4 Nxd4 14.Nxd4 e6 15.Rd1 Bc5
16.Qb5+ Qd7 17.Qe2 Qe7 18.Qb5+ Qd7 19.Qe2 Qe7 20.Qe4 O-O 21.Bf4 Rfe8 22.Nf3 e5
23.Qxe5 Qf8 24.Qh5 g6 25.Qh4 f6 26.Nd4 Re4 27.Qg3 Bxd4 28.Rxd4 Rxd4 29.cxd4 Qb4
30.Qe3 Qxb2 31.Qe6+ Kg7 32.Qe7+ Kg8 33.Re1 Qxa2 34.Qxb7 g5 35.Bc7 Qa5 36.Qxc8+ Kg7
37.Qe6  1-0

[Event "Wch U16"]
[Site "Guarapuava"]
[Date "1995.??.??"]
[Round "11"]
[White "Parligras, Mircea"]
[Black "Roser, Kevin"]
[Result "1-0"]
[WhiteElo "2290"]
[BlackElo "2145"]

1.e4 c5 2.c3 Nf6 3.e5 Nd5 4.g3 b6 5.Bg2 Bb7 6.Nf3 Nc6 7.O-O e6 8.d4 cxd4
9.c4 Nde7 10.Nxd4 Qb8 11.Nb5 Nc8 12.Bf4 a6 13.Nd6+ Bxd6 14.exd6 Na5 15.Qg4 Kf8
16.Na3 Bxg2 17.Kxg2 Nxd6 18.Kg1 Nab7 19.c5 bxc5 20.Nc4 f6 21.Rad1 e5 22.Nxe5 fxe5
23.Bxe5 Ke7 24.Qxg7+ Kd8 25.Qxh8+ Kc7 26.Qxb8+ Rxb8 27.b3  1-0

[Event "Haarlem op"]
[Site "Haarlem"]
[Date "1995.??.??"]
[Round "5"]
[White "Kuijf, Marinus"]
[Black "Horvath, Csaba"]
[Result "1-0"]
[WhiteElo "2465"]
[BlackElo "2500"]

1.e4 c5 2.c3 Nf6 3.e5 Nd5 4.Nf3 Nc6 5.g3 d6 6.exd6 Qxd6 7.Bg2 Qe6+ 8.Qe2 Qxe2+
9.Kxe2 Bg4 10.h3 Bh5 11.d3 e6 12.g4 Bg6 13.Nh4 Ne5 14.Nxg6 Nxg6 15.Bxd5 exd5
16.Be3 Bd6 17.d4 c4 18.b3 b5 19.a4 cxb3 20.axb5 Rb8 21.Ra5 Bc7 22.Rxa7 Kd7
23.Na3 Ra8 24.b6 Rxa7 25.bxa7 Ra8 26.Nb5 Kc6 27.Nxc7 Kxc7 28.Rb1 Rxa7 29.Rxb3 h6
30.Rb5 Kc6 31.Rb8 Kd6 32.Rg8 f6 33.Bxh6 Ra2+ 34.Ke3 Nh4 35.Rxg7 Rc2 36.Bf4+ Ke6
37.Rc7 Ng2+ 38.Kf3 Nxf4 39.Kxf4 Rxf2+ 40.Kg3 Rf1 41.h4 Kd6 42.Rg7 Rc1 43.Kf4 Rxc3
44.h5 Ke6 45.Ra7 Rd3 46.Ra6+ Kf7 47.Rd6 Ke7 48.Rxd5 Ke6 49.Rd8 Ke7 50.Ke4 Rg3
51.Rg8 Kf7 52.Rg6 Rg1 53.Kd5 Ra1 54.Kc5 Ra5+ 55.Kb4 Rd5 56.Kc4 Rd8 57.g5 Rc8+
58.Kd5 Rd8+ 59.Ke4 Re8+ 60.Kf5 fxg5 61.h6 Rd8 62.Rg7+ Kf8 63.Rxg5 Kf7 64.h7 Rh8
65.Rh5 Kg7 66.Kg5 Kf7 67.Kh6 Kf8 68.Rf5+ Ke7 69.Rf4  1-0

[Event "Haifa"]
[Site "Haifa"]
[Date "1995.??.??"]
[Round "8"]
[White "Dolmatov, Sergey"]
[Black "Gruenfeld, Yehuda"]
[Result "1/2-1/2"]
[WhiteElo "2605"]
[BlackElo "2505"]

1.e4 c5 2.c3 Nf6 3.e5 Nd5 4.Nf3 Nc6 5.Bc4 Nb6 6.Bb3 d5 7.exd6 Qxd6 8.O-O Be6
9.Na3 Bxb3 10.Qxb3 e6 11.d4 cxd4 12.Nb5 Qd8 13.Rd1 Be7 14.Nfxd4 Qb8 15.Nxc6 bxc6
16.Nd4 Qc7 17.c4 O-O 18.Be3 Rfd8 19.Qc2 Bf6 20.Nf3 h6 21.Rac1 a5 22.b3 Nd7
23.Kf1 Nf8 24.Rxd8 Rxd8 25.Rd1 Ng6 26.Rxd8+ Qxd8 27.Qd2 Qc7 28.g3 Be7 29.Qd4 Bb4
30.h4 Bf8 31.Qb6 Bd6 32.Qxc7 Bxc7 33.Bc5 e5 34.Ke2 f5 35.h5 Nf8 36.Bxf8 Kxf8
37.Nh4 f4 38.gxf4 exf4 39.Kf3 Kf7 40.Ng6 Kf6 41.Nxf4 Kf5 42.Ne2 Bb6 43.a3 Bc5
44.b4 axb4 45.axb4 Bxb4 46.Nd4+ Kg5 47.Nxc6 Bd6 48.Ke4 Kxh5 49.Ne5 g5 50.Kf5 Kh4
51.Nf3+ Kh3 52.Nd2 g4 53.Ne4 Bc7 54.Nf6  1/2-1/2

[Event "Hajduboszormeny Knockout"]
[Site "Hajduboszormeny"]
[Date "1995.??.??"]
[Round "2"]
[White "Varga, Laszlo"]
[Black "Molnar, Bela"]
[Result "1/2-1/2"]
[WhiteElo "2185"]
[BlackElo "2340"]

1.e4 c5 2.c3 Nf6 3.e5 Nd5 4.d4 cxd4 5.cxd4 d6 6.Nf3 Nc6 7.exd6 Qxd6 8.Nc3 Bf5
9.Be2 e6 10.O-O Be7 11.Ne5 O-O 12.Nxc6 bxc6 13.Bf3 Rac8 14.Ne4 Bxe4 15.Bxe4 Rfd8
16.Be3 Nxe3 17.fxe3 f5 18.Bf3 c5 19.Re1 Bf6 20.dxc5 Qxc5 21.Qb3 Rd6 22.Rab1 Rb6
23.Qa4 Rxb2 24.Rxb2 Bxb2 25.Qd7 Kf8 26.Bh5 g6 27.Bd1 Rc7 28.Qxe6 Re7 29.Qb3 Bc3
30.Rf1 Qxe3+ 31.Kh1 Qf2 32.Qc4 Qd4 33.Bb3 Qxc4 34.Bxc4 Re4 35.Bb3 a5 36.Rd1 Ke7
37.g3 h5 38.Rc1 Be5 39.Rc6 Bd6 40.Ra6 h4 41.Ra7+ Kf6 42.Ra6 Ke7 43.Ra7+ Kf6
44.Ra6 Rd4 45.gxh4 Kg7 46.Kg2 Rg4+ 47.Kf3 Bxh2 48.h5 gxh5 49.Rxa5 Rg3+ 50.Kf2 Kf6
51.Bc2 Rg5 52.Rxf5+ Rxf5+ 53.Bxf5 Kxf5 54.Kg2  1/2-1/2

[Event "Hajduboszormeny op"]
[Site "Hajduboszormeny"]
[Date "1995.??.??"]
[Round "7"]
[White "Egri, Laszlo"]
[Black "Zila, Laszlo"]
[Result "0-1"]
[WhiteElo "2170"]
[BlackElo "2215"]

1.e4 c5 2.c3 Nf6 3.e5 Nd5 4.d4 cxd4 5.cxd4 b6 6.Nf3 Bb7 7.Nc3 Nxc3 8.bxc3 Qc7
9.Bd2 e6 10.Bd3 d6 11.O-O Nd7 12.Re1 Be7 13.Rb1 dxe5 14.Nxe5 Nxe5 15.Rxe5 Bf6
16.Rh5 g6 17.Bb5+ Kf8 18.Rh3 h5 19.Qc1 Kg7 20.Bf4 e5 21.Bg5 Qe7 22.Rg3 h4
23.Rg4 h3 24.dxe5 Qxe5 25.Bxf6+ Qxf6 26.Rf4 Qe5 27.Bc4 Raf8 28.g3 Qd6 29.Qe3 Qc6
30.Qe5+ Kg8 31.f3 Rh5 32.Qd4 Qc5 33.Rd1 Rd8 34.Bxf7+ Kh7 35.Bxg6+ Kxg6 36.Rf6+ Kg7
37.Rd6+ Qxd4+ 38.R1xd4 Rxd6 39.Rxd6 Bxf3 40.Rd7+ Kf6 41.Rxa7 Ra5 42.Rh7 Bg4
43.Rh6+ Ke5 44.Rxb6 Rxa2 45.Rb4 Bf3 46.Rf4 Rg2+ 47.Kf1 Be2+ 48.Ke1 Rxh2 49.Rh4 Bf3
50.Kf1 Rc2 51.Kg1 Rg2+ 52.Kf1 Be2+ 53.Ke1 h2 54.c4  0-1

[Event "Hajduboszormeny op"]
[Site "Hajduboszormeny"]
[Date "1995.??.??"]
[Round "8"]
[White "Varga, Laszlo"]
[Black "Tegzes, Laszlo"]
[Result "0-1"]
[WhiteElo "2185"]
[BlackElo "2180"]

1.e4 c5 2.c3 Nf6 3.e5 Nd5 4.d4 cxd4 5.Nf3 Nc6 6.Bc4 e6 7.cxd4 d6 8.O-O Be7
9.Qe2 O-O 10.Rd1 Qc7 11.Nbd2 dxe5 12.dxe5 Nf4 13.Qe4 Ng6 14.Re1 b6 15.Nb3 Bb7
16.Qe2 Rad8 17.Bb5 Bb4 18.Bxc6 Qxc6 19.Rf1 Rd5 20.Qe4 Be7 21.Nbd4 Qd7 22.Qe2 Rxd4
23.Nxd4 Qxd4 24.Rd1 Qa4 25.Bd2 Rd8 26.b3 Qc6 27.f3 Qc5+ 28.Qe3 Nxe5 29.Qxc5 Bxc5+
30.Kh1 Nd3 31.Be1 Rd5 32.Bg3 f5 33.h3 e5  0-1

[Event "Wch U20"]
[Site "Halle"]
[Date "1995.??.??"]
[Round "1"]
[White "Sammalvuo, Tapani"]
[Black "Krakops, Maris"]
[Result "1/2-1/2"]
[WhiteElo "2310"]
[BlackElo "2525"]

1.e4 c5 2.c3 Nf6 3.e5 Nd5 4.d4 cxd4 5.Nf3 Nc6 6.cxd4 d6 7.Bc4 Nb6 8.Bb5 dxe5
9.Nxe5 Bd7 10.Bxc6 Bxc6 11.Nxc6 bxc6 12.O-O g6 13.Re1 Bg7 14.Bg5 O-O 15.Bxe7 Qxd4
16.Qxd4 Bxd4 17.Nd2 Rfb8 18.Rab1 Nd5 19.Nb3 Bg7 20.Bd6 Rb5 21.Rec1 Re8 22.Kf1 Rc8
23.Rc4 a5 24.Rbc1 Bxb2 25.Rxc6 Rxc6  1/2-1/2

[Event "Wch U20"]
[Site "Halle"]
[Date "1995.??.??"]
[Round "4"]
[White "Shaked, Tal"]
[Black "Krakops, Maris"]
[Result "1-0"]
[WhiteElo "2430"]
[BlackElo "2525"]

1.e4 c5 2.c3 Nf6 3.e5 Nd5 4.d4 cxd4 5.Nf3 Nc6 6.Bc4 Nb6 7.Bb3 d5 8.exd6 Qxd6
9.Na3 a6 10.O-O e6 11.Nxd4 Nxd4 12.cxd4 Be7 13.Qf3 O-O 14.Rd1 Qd8 15.Nb1 Nd5
16.Nc3 Nxc3 17.bxc3 Bd6 18.c4 Rb8 19.c5 Bc7 20.Bb2 Qh4 21.g3 Qh3 22.Re1 Bd7
23.d5 exd5 24.Bxd5 Bd8 25.Be5 Bg4 26.Qf4 Rc8 27.Bd6 Bf6 28.Bxf8 Rxf8 29.Rab1  1-0